MANUAL OF MIDDLE EAR SURGERY VOL-2 (Record no. 23255)

MARC details
000 -LEADER
fixed length control field 00361nam a22001577a 4500
003 - CONTROL NUMBER IDENTIFIER
control field SGT
020 ## - INTERNATIONAL STANDARD BOOK NUMBER
International Standard Book Number 9783131149015
082 ## - DEWEY DECIMAL CLASSIFICATION NUMBER
Classification number 617.51
Item number M95T
100 ## - MAIN ENTRY--PERSONAL NAME
Personal name TOS, MIRKO
245 ## - TITLE STATEMENT
Title MANUAL OF MIDDLE EAR SURGERY VOL-2
260 ## - PUBLICATION, DISTRIBUTION, ETC. (IMPRINT)
Place of publication, distribution, etc NEW YORK
Name of publisher, distributor, etc THIEME PUB
Year of Publication 1995
300 ## - PAGE DESCRIPTION
No. of Pages 432
650 ## - SUBJECT ADDED ENTRY--TOPICAL TERM
Topical term or geographic name as entry element ENT
653 ## - KEYWORDS--INDEX TERM
Keyword term MANUAL OF MIDDLE EAR SURGERY
942 ## - ADDED ENTRY ELEMENTS (KOHA)
Source of classification or shelving scheme Dewey Decimal Classification
Koha item type Books
Holdings
Withdrawn status Lost status Source of classification or shelving scheme Damaged status Not for loan Collection code Home library Current library Shelving location Date acquired Vendor Name Cost, normal purchase price Volume Information (Serial or Books or Non-Book Material) SGTU Bill Number Total Checkouts Full call number Accession No. (Barcode) Date last seen Bill Date Koha item type
    Dewey Decimal Classification   Not For Loan MEDICAL SGT Medical Library SGT Medical Library Reference Book 09/09/2022 ABC DELHI 16200.00 VOL-2 SGTU 14699   617.51 M95T FM13099 09/09/2022 30/06/2022 Books